Größte Städte der Welt nach Buchstabe - L - Statistiken

Allgemein
  • Dieses Quiz wurde 424 mal gespielt
  • Das Durchschnittsergebnis liegt bei 11 aus 21
Antwortstatistiken
Land Bevölkerung Stadt % Korrekt
Vereinigtes Königreich 14,8 Mio. London
98%
Portugal 2,50 Mio Lissabon
96%
Peru 11,6 Mio. Lima
95%
USA 17,7 Mio. Los Angeles
93%
Frankreich 2,03 Mio. Lyon
89%
Nigeria 21,4 Mio. Lagos
86%
Angola 9,00 Mio. Luanda
81%
Bolivien 2,23 Mio. La Paz
68%
Vereinigtes Königreich 2,23 Mio. Leeds
64%
Togo 2,35 Mio. Lomé
62%
Pakistan 14,4 Mio. Lahore
59%
Sambia 2,25 Mio. Lusaka
58%
USA 2,38 Mio. Las Vegas
55%
Demokratische Republik Kongo 2,65 Mio. Lubumbashi
15%
China 3,40 Mio. Lanzhou
14%
Indien 4,00 Mio. Lucknow
14%
Mexiko 2,23 Mio. León
13%
China 4,30 Mio. Linyi
9%
China 2,35 Mio. Liuzhou
6%
China 3,45 Mio. Luoyang
6%
Indien 2,08 Mio. Ludhiana
5%
Keine übereinstimmenden Quizze gefunden
Verteilung der Resultate
Anzahl Personen mit jedem Resultat
Perzentil nach korrekt beantworteten Fragen
Ihre Resultats-Entwicklung
Sie haben dieses Quiz noch nicht gespielt